| 000 | 00743nam a2200265 a 4500 | ||
|---|---|---|---|
| 008 | |||
| 049 | _aMAIN | ||
| 090 | _aTA347.F5 AGA | ||
| 100 | 1 | _aAgarwal, L. B. | |
| 245 | 1 | 4 |
_aThe finite element method / _cB. L. Agarwal |
| 250 | _a1st ed. | ||
| 260 |
_aDelhi : _bKhanna, _c1991. |
||
| 300 |
_aiii, 263 p. : _bill. ; _c24 cm. |
||
| 500 | _aVol. 1 | ||
| 504 | _aIncludes bibliographical references. | ||
| 500 | _aIncludes index. | ||
| 650 | 0 | _aStructural analysis (Engineering) | |
| 650 | 0 | _aContinuum mechanics. | |
| 650 | 0 | _aFinite element method. | |
| 907 |
_a.b10230890 _b13-02-07 _c13-02-07 |
||
| 003 | |||
| 005 | 20230123134354.0 | ||
| 040 | _cNUST | ||
| 942 |
_cBOOKS _kTA347.F5 AGA |
||
| 999 |
_c164755 _d164755 |
||